| 000 | 02110nam a2200265Ia 4500 | ||
|---|---|---|---|
| 999 |
_c54393 _d54393 |
||
| 001 | 21449 | ||
| 003 | GE_BSU | ||
| 005 | 20211101110236.0 | ||
| 008 | 181216s2017||||ge |||||||||||||| ||geo|| | ||
| 020 | _a19877579 | ||
| 040 | _cGE_BSU | ||
| 041 | _ageo | ||
| 080 | _a159.9.07 ფ-96 | ||
| 245 |
_aფსიქოლოგიური გამოკვლევები : _bტომი IX / _c რედაქტორები : ნოდარ ბარამიძე, გურამ ჩაგანავა; საქ. განათლებისა და მეცნიერების სამინისტრო. შოთა რუსთაველის სახელმწ. უნ-ტი. სოციალურ მეცნიერებათა, ბიზნესისა და სამართალმცოდნეობის ფაკულტეტი. სოციალურ მეცნიერებათა დეპარტამენტი |
||
| 264 |
_aბათუმი : _bგამომცემლობა "თეგი'', _c2017. |
||
| 300 |
_a119 გვ. ; _b21 სმ. |
||
| 500 | _aტექსტი ქართულ და ინგლისურ ენებზე. | ||
| 504 | _aბიბლიოგრ. ტექსტების ბოლოს | ||
| 541 | _h5 ლ. | ||
| 653 | _aფსიქოლოგია | ||
| 700 |
_aბარამიძე, ნოდარ _eრედაქტორი _912770 |
||
| 700 |
_aჩაგანავა, გურამ _eრედაქტორი _912771 |
||
| 710 |
_aსაქ. განათლებისა და მეცნიერების სამინისტრო. შოთა რუსთაველის სახელმწ. უნ-ტი. _b სოციალურ მეცნიერებათა, ბიზნესისა და სამართალმცოდნეობის ფაკულტეტი. სოციალურ მეცნიერებათა დეპარტამენტი _912772 |
||
| 942 |
_cBK _2udc |
||